000 00474nam a2200181Ia 4500
001 11477
005 20260306162831.0
008 260306t2011||||xx |||||||||||||| ||spa||
041 _aESP
082 _a985.06
_bR71
100 _aRobles Diez, Enrique
_eAUT
245 0 _aLa guerra del Pacífico:
_bpartes oficiales. La campaña de Tarapacá - 1879
260 _c2011
300 _a358 páginas :
_c23 cm.
650 _aGEN
654 _aCHU
942 _cLIB
_dJUS
_fJUS
_2ddc
_n
999 _c11477
_d11477